000 01852nam a22003617a 4500
003 URS
005 20260314121257.0
008 260314b |||||||| |||| 00| 0 eng d
020 _a978-0-70207-422-6
040 _cURS
_bEnglish
_erda
050 0 0 _aR129
_b.B2921b 2010
082 0 0 _a618
245 0 0 _aBasic science in obstetrics and gynaecology :
_ba textbook for MRCOG Part I /
_cPhillip Bennett BSc PhD MD FRCOG...[and four others}.
250 _a5th edition.
264 _aNew York :
_aEdinburgh ;
_bChurchill Livingstone,
_c©2024.
300 _a400 pages :
_billustrations ;
_c25 cm.
336 _atext
_btxt
_2rdacontent
337 _aunmediated
_bn
_2rdamedia
338 _avolume
_bnc
_2rdacarrier
504 _aIncludes bibliographical references and index.
505 0 _aStructure and function of the genome / Peter Dixon -- Clinical genetics / Dorothy Trump -- Embryology / Kate Hardy -- Fetal and placental physiology / Sailesh Kumar -- Applied anatomy / Sarah Paterson-Brown -- Pathology / Neil Sebire -- Microbiology and virology / Geoffrey Ridgway & Paul Taylor -- Immunology / Andrew George -- Biochemistry / Fiona Lyall -- Physiology / David Williams, Anna Kenyon & Dawn Adamson -- Endocrinology / Mark Johnson -- Drugs and drug therapy / Hassan Shehata -- Physics / David Talbot -- Statistics and evidence-based health care / Louise Brown -- Clinical research methodology / Andrew Shennan & Annette Briley -- Multiple choice questions.
650 0 _aMedical sciences.
650 0 _aObstetrics.
650 0 _aGynecology.
650 2 _aObstetrics.
650 2 _aGynecology.
700 1 _aBennett, Phillip.
_d
_eauthor.
700 1 _aWilliamson, Catherine,
_cMD.
700 _aSykes, Lynne,
_eauthor.
_96695
700 _aMacIntyre, David A.,
_eauthor.
_96694
700 _aDixon, Peter H.,
_eauthor.
_96693
942 _2lcc
_cR
999 _c99029
_d99026